000 00281nam a22001337a 4500
008 210309b ||||| |||| 00| 0 eng d
041 _aeng
080 _a32
082 _a32
100 _a19
101 _aSHK
245 _aHistory of Florence
_cMachiavelli, N
942 _2udc
_cBK
999 _c56050
_d56050